00338pab a2200121 454500008004000000100001500040245006400055260000900119300001200128362000800140650005200148773001600200180718b1995 xxu||||| |||| 00| 0 eng d aGaur, G.L. aCo-operatives in rural marketingbRajasthan - a case study. c1995 ap.53-56 aJul aFarm produce - India - Rajasthan - Case studies aKurukshetra